Conflicto de intereses en la contratación administrativa (Registro nro. 32362)

Detalles MARC
000 -LEADER
fixed length control field 00351 a2200109 4500
001 - CONTROL NUMBER
control field ART_43975
005 - DATE AND TIME OF LATEST TRANSACTION
control field 20260410162013.0
008 - FIXED-LENGTH DATA ELEMENTS--GENERAL INFORMATION
fixed length control field 260409a
100 1# - MAIN ENTRY--PERSONAL NAME
Personal name Schurig, Harry
245 10 - TITLE STATEMENT
Title Conflicto de intereses en la contratación administrativa
773 0# - HOST ITEM ENTRY
Title Temas de derecho administrativo
Related parts - Año 2, Nº 8 (ago. 2017)
Record control number REV40468

No hay ítems disponibles.